Compendio della Teologia Morale

Saved in:
Bibliografiske detaljer
Hovedforfatter: Ligorio, Alfonso María de, Santo (autor)
Format: Bog
Sprog:italiensk
Udgivet: Génova Tipografia della Gioventu 1871
Udgivelse:5a. ed
Fag:
Tags: Tilføj Tag
Ingen Tags, Vær først til at tagge denne postø!

MARC

LEADER 00000cam a2200000 a 4500
001 UCD1599
003 CL-VaPUC
008 160316e18710000it |||||||||||||||||ita|d
082 0 4 |a 241  |b LIG  |2 21 
100 |a Ligorio, Alfonso María de,  |c Santo  |e autor  |9 611672 
245 1 0 |a Compendio della Teologia Morale 
250 |a 5a. ed 
300 |a v 
942 |c BK 
945 |d 20160316 17:23:00  |a dcastane 
260 |a Génova  |b Tipografia della Gioventu  |c 1871 
650 0 |a Teología moral   |9 256617 
650 0 |a Conceptos morales   |9 310606 
650 0 |a Iglesia Católica  |9 256114 
650 0 |a Valores morales   |9 310604 
583 |a last modification  |c 20160316 17:23:00  |k Rodrigo Vera 
999 |c 362870  |d 362868 
952 |0 0  |1 0  |3 erd  |4 0  |6 241_000000000000000_LIG_1871  |7 0  |8 P  |9 474419  |a BIBTEO  |b BIBTES  |c TEO_FTES  |h v.2  |i 5276616  |o 241 LIG 1871  |p 5276616  |r 2024-01-18  |w 2019-11-24  |y BK  |z Catalogado en:20160316  |k ICR